|
|
|
|
| LEADER |
01767nam a2200481 a 4500 |
| 001 |
nkc20152660175 |
| 003 |
CZ PrNK |
| 005 |
20150414125428.0 |
| 007 |
ta |
| 008 |
150122s2014 xr a e 000 0 cze |
| 015 |
|
|
|a cnb002660175
|
| 020 |
|
|
|a 978-80-7417-078-2
|q (brož.)
|
| 035 |
|
|
|a (OCoLC)907524966
|
| 040 |
|
|
|a OLA001
|b cze
|
| 041 |
0 |
|
|a cze
|b eng
|
| 072 |
|
7 |
|a 58
|x Botanika
|2 Konspekt
|9 2
|
| 080 |
|
|
|a 582.091/.097:630
|2 MRF
|
| 080 |
|
|
|a 57.082.1
|2 MRF
|
| 080 |
|
|
|a 581.169
|2 MRF
|
| 080 |
|
|
|a (083.744)
|2 MRF
|
| 245 |
0 |
0 |
|a Postup odběru vzorků populací lesních dřevin pro účely molekulárně-genetických analýz :
|b certifikovaná metodika /
|c Petr Novotný ... [et al.]
|
| 260 |
|
|
|a Strnady :
|b Výzkumný ústav lesního hospodářství a myslivosti,
|c 2014
|
| 300 |
|
|
|a 32 s. :
|b barev. il. ;
|c 21 cm
|
| 490 |
1 |
|
|a Certifikované metodiky pro praxi
|
| 490 |
1 |
|
|a Lesnický průvodce,
|x 0862-7657 ;
|v 1/2014
|
| 504 |
|
|
|a Obsahuje bibliografii
|
| 546 |
|
|
|a Anglická resumé
|
| 650 |
0 |
7 |
|a lesní dřeviny
|7 ph115112
|2 czenas
|
| 650 |
0 |
7 |
|a vzorkování
|7 ph136736
|2 czenas
|
| 650 |
0 |
7 |
|a genetika rostlin
|7 ph117196
|2 czenas
|
| 650 |
0 |
9 |
|a forest woody plants
|2 eczenas
|
| 650 |
0 |
9 |
|a sampling
|2 eczenas
|
| 650 |
0 |
9 |
|a plant genetics
|2 eczenas
|
| 655 |
|
7 |
|a certifikované metodiky
|7 fd806827
|2 czenas
|
| 655 |
|
9 |
|a certified methodology
|2 eczenas
|
| 700 |
1 |
|
|a Novotný, Petr,
|d 1975 srpen 4.-
|7 mzk2006324315
|4 aut
|
| 810 |
2 |
|
|a Výzkumný ústav lesního hospodářství a myslivosti.
|t Metodiky
|0 s
|
| 830 |
|
0 |
|a Lesnický průvodce
|0 s
|
| 910 |
2 |
|
|a BOA001
|b 2-1344.144
|
| 990 |
|
|
|a BK
|
| 995 |
|
|
|a 01
|
| 991 |
|
|
|b 201503
|c NOV
|e n
|
| 996 |
6 |
|
|b 2610627580
|c 2-1344.144
|l MZK
|r Sklad / do 1 hodiny
|n 0
|p p.v.
|w 001498030
|u 000010
|a 1
|e BOA001
|j MZK50
|s P
|